000
00227 a2200097 4500
001
41484
100
_a
Pick & hall, M
245
_a
The meaning of the glorion koran
260
_a
Londan
_b
Gearge allen
_c
090
_c
25645
_d
25645
942
_a
NUST-CAE
_c
M
_c
17386
999
_c
276557
_d
276557